000 01154cam a22003614a 4500
001 128651
003 BJBSDDR
005 20230817110436.0
007 ta
008 040318s2005 njuab b 001 0 eng
010 _a 2004045395
020 _a0131409700
020 _a9780131409705
040 _beng
_cBJBSDDR
041 _aeng
050 1 4 _aTD 353
_bV665w 2005
100 1 _aViessman, Warren,
_d1930-
_916604
245 1 0 _aWater supply and pollution control /
_cWarren Viessman, Jr., Mark J. Hammer.
250 _a7th edition
260 _aUpper Saddle River, NJ :
_bPearson Prentice Hall,
_cc2005.
300 _axviii, 867 pages :
_billustrations, maps ;
_c25 cm.
504 _aIncludes bibliographical references and index.
650 0 _aWater-supply
_xManagement.
650 4 _aAbastecimiento de agua
_xAdministración
_930992
650 0 _aWater
_xPurification.
650 4 _aPurificación del agua
_930993
650 0 _aSewage
_xPurification.
650 4 _aCalidad del agua
_930994
650 4 _aPurificación de aguas residuales
_930995
700 1 _aHammer, Mark J.,
_d1931-
_930997
942 _2lcc
_cBK
946 _aSH
999 _c97781
_d97781